पढ़ते सुनते देखते (Record no. 1680058)

MARC details
000 -LEADER
fixed length control field 00956nam a22002297a 4500
005 - DATE AND TIME OF LATEST TRANSACTION
control field 20260220085301.0
008 - FIXED-LENGTH DATA ELEMENTS--GENERAL INFORMATION
fixed length control field 260220b |||||||| |||| 00| 0 eng d
020 ## - INTERNATIONAL STANDARD BOOK NUMBER
International Standard Book Number 9788126715978 (hbk)
037 ## - SOURCE OF ACQUISITION
Terms of availability TB
040 ## - CATALOGING SOURCE
Original cataloging agency CRL
Transcribing agency CRL
041 ## - LANGUAGE CODE
Source of code hin
Language code of text/sound track or separate title hin
084 ## - COLON CLASSIFICATION NUMBER
Classification number NT44 152P8
Assigning agency CRL
100 ## - MAIN ENTRY--PERSONAL NAME
Personal name अंकुर, देवेन्द्र राज
245 ## - TITLE STATEMENT
Title पढ़ते सुनते देखते
260 ## - PUBLICATION, DISTRIBUTION, ETC.
Place of publication, distribution, etc. नई दिल्ली, भारत:
Name of publisher, distributor, etc. राजकमल प्रकाशन,
Date of publication, distribution, etc. 2008.
300 ## - PHYSICAL DESCRIPTION
Extent 307पृ.
365 ## - TRADE PRICE
Price amount 995.00
Currency code INR
650 ## - SUBJECT ADDED ENTRY--TOPICAL TERM
Topical term or geographic name entry element ललित कला
650 ## - SUBJECT ADDED ENTRY--TOPICAL TERM
Topical term or geographic name entry element थिएटर
942 ## - ADDED ENTRY ELEMENTS (KOHA)
Source of classification or shelving scheme Colon Classification (CC)
Koha item type Textbook
Classification part NT44 152P8
Suppress in OPAC No
Holdings
Withdrawn status Lost status Source of classification or shelving scheme Damaged status Not for loan Home library Current library Date acquired Source of acquisition Cost, normal purchase price Inventory number Total Checkouts Total Renewals Full call number Barcode Date due Date last seen Date last checked out Price effective from Koha item type
    Colon Classification (CC)     Central Library Arts Library 2026-02-20 आई . ओ . ई प्रोजेक्ट बुक्स 995.00 आई . ओ . ई प्रोजेक्ट बुक्स 1 1 NT44 152P8 CL1925997 2026-02-23 2026-02-23 2026-02-23 2026-02-20 Textbook
Copyright @ Delhi University Library System